000
00512nam a2200169Ia 4500
008
090711s9999 xx 000 0 und d
082
_b
70488
100
_a
भावे पुरुषोत्तम भा.
245
_a
कथामंथन
260
_c
1992
300
_a
214
600
_a
भावे पुरुषोत्तम भा.
630
_a
कथामंथन
700
_a
भावे पुरुषोत्तम भा.
730
_a
कथामंथन
942
_c
BOOK
999
_c
305308
_d
305308